60 losowych miast na mapie Polski - Statystyki

Ogólne statystyki
  • Ten quiz został rozwiązany 1 018 razy
    595 od ostatniego zresetowania
  • Średni wynik to 18 z 60
Odpowiedzi na mapie
Odpowiedzi zakodowano w zielono-czerwonej skali na mapie do tego quizu, zgodnie z poniższymi procentami.
 
Statystyki odpowiedzi
Województwo Miasto % Poprawnych
Łódzkie Aleksandrów Łódzki
100%
Opolskie Baborów
100%
Lubelskie Biała Podlaska
100%
Małopolskie Biecz
100%
Lubelskie Biłgoraj
100%
Dolnośląskie Bogatynia
100%
Kujawsko-Pomorskie Brodnica
100%
Mazowieckie Brwinów
100%
Małopolskie Brzesko
100%
Podkarpackie Brzozów
100%
Małopolskie Bukowno
100%
Kujawsko-Pomorskie Bydgoszcz
100%
Lubelskie Chełm
100%
Pomorskie Chojnice
100%
Mazowieckie Ciechanów
100%
Podlaskie Czarna Białostocka
100%
Małopolskie Czarny Dunajec
100%
Małopolskie Czchów
100%
Śląskie Czerwionka-Leszczyny
100%
Śląskie Częstochowa
100%
Śląskie Dąbrowa Górnicza
100%
Podkarpackie Dębica
100%
Podlaskie Drohiczyn
100%
Warmińsko-Mazurskie Działdowo
100%
Kujawsko-Pomorskie Gąsawa
100%
Pomorskie Gdynia
100%
Śląskie Gliwice
100%
Opolskie Głubczyce
100%
Opolskie Gogolin
100%
Wielkopolskie Gostyń
100%
Mazowieckie Grójec
100%
Zachodniopomorskie Gryfino
100%
Podlaskie Hajnówka
100%
Mazowieckie Halinów
100%
Lubelskie Hrubieszów
100%
Podkarpackie Jasło
100%
Wielkopolskie Jastrowie
100%
Dolnośląskie Jelenia Góra
100%
Śląskie Kalety
100%
Śląskie Katowice
100%
Świętokrzyskie Kielce
100%
Świętokrzyskie Klimontów
100%
Zachodniopomorskie Kołobrzeg
100%
Wielkopolskie Konin
100%
Lubelskie Końskowola
100%
Zachodniopomorskie Koszalin
100%
Małopolskie Kraków
100%
Wielkopolskie Krotoszyn
100%
Podlaskie Krynki
100%
Śląskie Krzepice
100%
Małopolskie Krzeszowice
100%
Dolnośląskie Kudowa-Zdrój
100%
Lubelskie Łęczna
100%
Dolnośląskie Legnica
100%
Podkarpackie Leżajsk
100%
Warmińsko-Mazurskie Lidzbark
100%
Dolnośląskie Lubań
100%
Lubelskie Lubartów
100%
Wielkopolskie Luboń
100%
Wielkopolskie Międzychód
100%
Podkarpackie Mielec
100%
Warmińsko-Mazurskie Mrągowo
100%
Wielkopolskie Murowana Goślina
100%
Małopolskie Myślenice
100%
Opolskie Namysłów
100%
Lubuskie Nowa Sól
100%
Opolskie Nysa
100%
Dolnośląskie Oborniki Śląskie
100%
Warmińsko-Mazurskie Olsztyn
100%
Świętokrzyskie Opatów
100%
Małopolskie Oświęcim
100%
Świętokrzyskie Ożarów
100%
Łódzkie Pabianice
100%
Łódzkie Pajęczno
100%
Świętokrzyskie Piekoszów
100%
Wielkopolskie Piła
100%
Śląskie Pilica
100%
Łódzkie Piotrków Trybunalski
100%
Wielkopolskie Pleszew
100%
Mazowieckie Płock
100%
Mazowieckie Podkowa Leśna
100%
Lubelskie Poniatowa
100%
Wielkopolskie Poznań
100%
Opolskie Prudnik
100%
Łódzkie Przedbórz
100%
Mazowieckie Pułtusk
100%
Śląskie Pyskowice
100%
Małopolskie Radłów
100%
Mazowieckie Radom
100%
Łódzkie Radomsko
100%
Łódzkie Rawa Mazowiecka
100%
Świętokrzyskie Sandomierz
100%
Małopolskie Skała
100%
Małopolskie Skawina
100%
Zachodniopomorskie Sławno
100%
Kujawsko-Pomorskie Solec Kujawski
100%
Pomorskie Sopot
100%
Świętokrzyskie Starachowice
100%
Małopolskie Stary Sącz
100%
Lubuskie Strzelce Krajeńskie
100%
Podkarpackie Strzyżów
100%
Lubuskie Sulechów
100%
Małopolskie Sułkowice
100%
Podlaskie Suwałki
100%
Lubuskie Świebodzin
100%
Dolnośląskie Szczawno-Zdrój
100%
Zachodniopomorskie Szczecin
100%
Śląskie Szczyrk
100%
Dolnośląskie Szczytna
100%
Podkarpackie Tarnobrzeg
100%
Śląskie Tarnowskie Góry
100%
Kujawsko-Pomorskie Toruń
100%
Kujawsko-Pomorskie Tuchola
100%
Opolskie Tułowice
100%
Śląskie Tychy
100%
Podkarpackie Ustrzyki Dolne
100%
Zachodniopomorskie Wałcz
100%
Wielkopolskie Witkowo
100%
Kujawsko-Pomorskie Włocławek
100%
Lubelskie Włodawa
100%
Świętokrzyskie Włoszczowa
100%
Wielkopolskie Września
100%
Małopolskie Zakopane
100%
Lubuskie Żary
100%
Małopolskie Zator
100%
Śląskie Zawiercie
100%
Opolskie Zdzieszowice
100%
Dolnośląskie Zgorzelec
100%
Kujawsko-Pomorskie Żnin
100%
Pomorskie Żukowo
100%
Śląskie Żywiec
100%
Kujawsko-Pomorskie Aleksandrów Kujawski
80%
Łódzkie Bełchatów
80%
Dolnośląskie Głogów
80%
Świętokrzyskie Pińczów
80%
Śląskie Pszczyna
80%
Pomorskie Tczew
80%
Mazowieckie Błonie
75%
Zachodniopomorskie Bobolice
75%
Pomorskie Czersk
75%
Świętokrzyskie Kazimierza Wielka
75%
Opolskie Kolonowskie
75%
Łódzkie Koluszki
75%
Kujawsko-Pomorskie Kruszwica
75%
Łódzkie Łódź
75%
Podlaskie Łomża
75%
Mazowieckie Milanówek
75%
Mazowieckie Mława
75%
Mazowieckie Ostrołęka
75%
Kujawsko-Pomorskie Strzelno
75%
Podlaskie Supraśl
75%
Śląskie Świętochłowice
75%
Wielkopolskie Turek
75%
Łódzkie Zgierz
75%
Mazowieckie Żyrardów
75%
Pomorskie Reda
71%
Małopolskie Andrychów
67%
Warmińsko-Mazurskie Bartoszyce
67%
Zachodniopomorskie Białogard
67%
Warmińsko-Mazurskie Biskupiec
67%
Świętokrzyskie Chęciny
67%
Wielkopolskie Gniezno
67%
Kujawsko-Pomorskie Golub-Dobrzyń
67%
Podlaskie Grajewo
67%
Pomorskie Jastarnia
67%
Wielkopolskie Kalisz
67%
Lubelskie Kazimierz Dolny
67%
Wielkopolskie Kościan
67%
Opolskie Krapkowice
67%
Lubelskie Łuków
67%
Kujawsko-Pomorskie Mogilno
67%
Wielkopolskie Nowy Tomyśl
67%
Dolnośląskie Oleśnica
67%
Warmińsko-Mazurskie Olsztynek
67%
Wielkopolskie Ostrów Wielkopolski
67%
Opolskie Otmuchów
67%
Opolskie Ozimek
67%
Małopolskie Proszowice
67%
Pomorskie Pruszcz Gdański
67%
Podkarpackie Przemyśl
67%
Śląskie Pszów
67%
Małopolskie Rabka-Zdrój
67%
Lubelskie Rejowiec Fabryczny
67%
Śląskie Rybnik
67%
Śląskie Rydułtowy
67%
Mazowieckie Siedlce
67%
Podlaskie Siemiatycze
67%
Świętokrzyskie Skarżysko-Kamienna
67%
Zachodniopomorskie Stargard
67%
Pomorskie Starogard Gdański
67%
Dolnośląskie Świdnica
67%
Wielkopolskie Szamotuły
67%
Warmińsko-Mazurskie Szczytno
67%
Pomorskie Sztum
67%
Małopolskie Tuchów
67%
Śląskie Ustroń
67%
Dolnośląskie Wałbrzych
67%
Mazowieckie Ząbki
67%
Lubelskie Bychawa
60%
Kujawsko-Pomorskie Chełmno
60%
Dolnośląskie Dzierżoniów
60%
Podkarpackie Jarosław
60%
Śląskie Koniecpol
60%
Mazowieckie Mińsk Mazowiecki
60%
Podlaskie Wasilków
60%
Podlaskie Augustów
50%
Kujawsko-Pomorskie Barcin
50%
Warmińsko-Mazurskie Barczewo
50%
Śląskie Będzin
50%
Podlaskie Białystok
50%
Śląskie Bielsko-Biała
50%
Dolnośląskie Bierutów
50%
Mazowieckie Bieżuń
50%
Łódzkie Błaszki
50%
Dolnośląskie Boguszów-Gorce
50%
Dolnośląskie Bolesławiec
50%
Wielkopolskie Buk
50%
Pomorskie Bytów
50%
Zachodniopomorskie Cedynia
50%
Śląskie Czechowice-Dziedzice
50%
Wielkopolskie Dąbie
50%
Małopolskie Dobczyce
50%
Zachodniopomorskie Drawsko Pomorskie
50%
Lubuskie Drezdenko
50%
Podkarpackie Dukla
50%
Łódzkie Działoszyn
50%
Pomorskie Dzierzgoń
50%
Warmińsko-Mazurskie Elbląg
50%
Warmińsko-Mazurskie Ełk
50%
Lubelskie Frampol
50%
Mazowieckie Garwolin
50%
Małopolskie Gorlice
50%
Mazowieckie Gostynin
50%
Świętokrzyskie Gowarczów
50%
Opolskie Grodków
50%
Mazowieckie Grodzisk Mazowiecki
50%
Zachodniopomorskie Gryfice
50%
Lubuskie Iłowa
50%
Śląskie Imielin
50%
Kujawsko-Pomorskie Inowrocław
50%
Pomorskie Kartuzy
50%
Opolskie Kietrz
50%
Śląskie Kłobuck
50%
Mazowieckie Kobyłka
50%
Wielkopolskie Koło
50%
Pomorskie Kościerzyna
50%
Pomorskie Krynica Morska
50%
Podlaskie Łapy
50%
Łódzkie Łask
50%
Mazowieckie Łaskarzew
50%
Śląskie Łaziska Górne
50%
Śląskie Łazy
50%
Pomorskie Łeba
50%
Łódzkie Łęczyca
50%
Mazowieckie Legionowo
50%
Mazowieckie Łosice
50%
Lubelskie Lublin
50%
Dolnośląskie Lubomierz
50%
Dolnośląskie Lwówek Śląski
50%
Mazowieckie Maków Mazowiecki
50%
Pomorskie Malbork
50%
Śląskie Miasteczko Śląskie
50%
Dolnośląskie Międzylesie
50%
Zachodniopomorskie Międzyzdroje
50%
Mazowieckie Mrozy
50%
Zachodniopomorskie Myślibórz
50%
Podkarpackie Narol
50%
Dolnośląskie Nowa Ruda
50%
Małopolskie Nowe Brzesko
50%
Zachodniopomorskie Nowogard
50%
Małopolskie Nowy Sącz
50%
Śląskie Ogrodzieniec
50%
Dolnośląskie Oława
50%
Warmińsko-Mazurskie Olecko
50%
Małopolskie Olkusz
50%
Łódzkie Opoczno
50%
Opolskie Opole
50%
Lubelskie Opole Lubelskie
50%
Lubelskie Ostrów Lubelski
50%
Wielkopolskie Ostrzeszów
50%
Łódzkie Ozorków
50%
Kujawsko-Pomorskie Pakość
50%
Lubelskie Parczew
50%
Lubelskie Piaski
50%
Warmińsko-Mazurskie Pisz
50%
Zachodniopomorskie Połczyn-Zdrój
50%
Zachodniopomorskie Police
50%
Śląskie Racibórz
50%
Wielkopolskie Rawicz
50%
Zachodniopomorskie Resko
50%
Wielkopolskie Rogoźno
50%
Małopolskie Ryglice
50%
Lubelskie Ryki
50%
Kujawsko-Pomorskie Rypin
50%
Podkarpackie Rzeszów
50%
Podlaskie Sejny
50%
Mazowieckie Serock
50%
Mazowieckie Sierpc
50%
Śląskie Siewierz
50%
Podlaskie Sokółka
50%
Mazowieckie Solec nad Wisłą
50%
Świętokrzyskie Staszów
50%
Opolskie Strzelce Opolskie
50%
Łódzkie Sulejów
50%
Wielkopolskie Swarzędz
50%
Lubelskie Świdnik
50%
Zachodniopomorskie Świnoujście
50%
Lubuskie Szprotawa
50%
Lubelskie Terespol
50%
Lubelskie Tomaszów Lubelski
50%
Łódzkie Tomaszów Mazowiecki
50%
Małopolskie Wadowice
50%
Mazowieckie Warka
50%
Mazowieckie Warszawa
50%
Małopolskie Wieliczka
50%
Łódzkie Wieluń
50%
Pomorskie Władysławowo
50%
Mazowieckie Wołomin
50%
Dolnośląskie Wołów
50%
Wielkopolskie Wolsztyn
50%
Dolnośląskie Wrocław
50%
Małopolskie Żabno
50%
Lubuskie Żagań
50%
Wielkopolskie Zagórów
50%
Lubelskie Zamość
50%
Opolskie Zawadzkie
50%
Łódzkie Zelów
50%
Dolnośląskie Złotoryja
50%
Śląskie Żory
50%
Dolnośląskie Duszniki-Zdrój
43%
Dolnośląskie Jawor
43%
Warmińsko-Mazurskie Gołdap
40%
Małopolskie Jordanów
40%
Wielkopolskie Kłodawa
40%
Śląskie Koziegłowy
40%
Łódzkie Sieradz
40%
Pomorskie Skarszewy
40%
Pomorskie Słupsk
40%
Warmińsko-Mazurskie Susz
40%
Zachodniopomorskie Trzebiatów
40%
Łódzkie Biała Rawska
33%
Podlaskie Bielsk Podlaski
33%
Małopolskie Bobowa
33%
Opolskie Brzeg
33%
Dolnośląskie Brzeg Dolny
33%
Podlaskie Choroszcz
33%
Świętokrzyskie Ćmielów
33%
Pomorskie Człuchów
33%
Podlaskie Dąbrowa Białostocka
33%
Warmińsko-Mazurskie Giżycko
33%
Zachodniopomorskie Gościno
33%
Śląskie Jastrzębie-Zdrój
33%
Dolnośląskie Kamieniec Ząbkowicki
33%
Dolnośląskie Kąty Wrocławskie
33%
Opolskie Kluczbork
33%
Śląskie Knurów
33%
Lubelskie Kock
33%
Lubelskie Kraśnik
33%
Śląskie Kuźnia Raciborska
33%
Lubuskie Łęknica
33%
Opolskie Leśnica
33%
Opolskie Lewin Brzeski
33%
Mazowieckie Łomianki
33%
Mazowieckie Magnuszew
33%
Dolnośląskie Milicz
33%
Podlaskie Mońki
33%
Mazowieckie Mordy
33%
Wielkopolskie Mosina
33%
Kujawsko-Pomorskie Nieszawa
33%
Podkarpackie Nowa Dęba
33%
Wielkopolskie Nowe Skalmierzyce
33%
Dolnośląskie Nowogrodziec
33%
Świętokrzyskie Nowy Korczyn
33%
Pomorskie Nowy Staw
33%
Wielkopolskie Opatówek
33%
Śląskie Orzesze
33%
Świętokrzyskie Ostrowiec Świętokrzyski
33%
Śląskie Piekary Śląskie
33%
Świętokrzyskie Połaniec
33%
Opolskie Praszka
33%
Mazowieckie Pruszków
33%
Podkarpackie Przecław
33%
Świętokrzyskie Radoszyce
33%
Śląskie Radzionków
33%
Lubelskie Rejowiec
33%
Podkarpackie Ropczyce
33%
Podkarpackie Rymanów
33%
Łódzkie Skierniewice
33%
Lubuskie Sława
33%
Śląskie Sosnowiec
33%
Wielkopolskie Śrem
33%
Wielkopolskie Środa Wielkopolska
33%
Mazowieckie Sulejówek
33%
Dolnośląskie Świeradów-Zdrój
33%
Małopolskie Szczucin
33%
Dolnośląskie Trzebnica
33%
Pomorskie Ustka
33%
Łódzkie Wieruszów
33%
Wielkopolskie Wyrzysk
33%
Podlaskie Wysokie Mazowieckie
33%
Dolnośląskie Ząbkowice Śląskie
33%
Warmińsko-Mazurskie Zalewo
33%
Podlaskie Zambrów
33%
Mazowieckie Zielonka
33%
Lubelskie Zwierzyniec
33%
Lubelskie Kurów
29%
Małopolskie Mszana Dolna
29%
Wielkopolskie Oborniki
29%
Lubelskie Bełżyce
25%
Warmińsko-Mazurskie Biała Piska
25%
Podlaskie Brańsk
25%
Małopolskie Chrzanów
25%
Lubuskie Cybinka
25%
Zachodniopomorskie Dobra
25%
Zachodniopomorskie Dziwnów
25%
Lubelskie Izbica
25%
Mazowieckie Karczew
25%
Lubuskie Kostrzyn nad Odrą
25%
Śląskie Lędziny
25%
Małopolskie Muszyna
25%
Warmińsko-Mazurskie Nidzica
25%
Podkarpackie Nisko
25%
Śląskie Olsztyn
25%
Opolskie Paczków
25%
Łódzkie Piątek
25%
Wielkopolskie Rychwał
25%
Świętokrzyskie Skalbmierz
25%
Wielkopolskie Słupca
25%
Lubuskie Trzciel
25%
Łódzkie Uniejów
25%
Kujawsko-Pomorskie Chełmża
20%
Mazowieckie Góra Kalwaria
20%
Podkarpackie Jedlicze
20%
Świętokrzyskie Końskie
20%
Warmińsko-Mazurskie Lubawa
20%
Pomorskie Miastko
20%
Dolnośląskie Polkowice
20%
Lubelskie Puławy
20%
Podkarpackie Radymno
20%
Podkarpackie Rudnik nad Sanem
20%
Świętokrzyskie Zawichost
20%
Śląskie Czeladź
17%
Wielkopolskie Czempiń
17%
Podlaskie Nowogród
17%
Śląskie Sośnicowice
17%
Dolnośląskie Świerzawa
17%
Łódzkie Złoczew
17%
Podkarpackie Dynów
13%
Małopolskie Chełmek
11%
Małopolskie Alwernia
0%
Lubelskie Annopol
0%
Lubuskie Babimost
0%
Podkarpackie Baranów Sandomierski
0%
Dolnośląskie Bardo
0%
Zachodniopomorskie Barlinek
0%
Zachodniopomorskie Barwice
0%
Opolskie Biała
0%
Łódzkie Białaczów
0%
Mazowieckie Białobrzegi
0%
Zachodniopomorskie Biały Bór
0%
Dolnośląskie Bielawa
0%
Śląskie Bieruń
0%
Podkarpackie Bircza
0%
Warmińsko-Mazurskie Bisztynek
0%
Śląskie Blachownia
0%
Podkarpackie Błażowa
0%
Kujawsko-Pomorskie Bobrowniki
0%
Małopolskie Bochnia
0%
Mazowieckie Bodzanów
0%
Świętokrzyskie Bodzentyn
0%
Świętokrzyskie Bogoria
0%
Podkarpackie Boguchwała
0%
Wielkopolskie Bojanowo
0%
Łódzkie Bolesławiec
0%
Łódzkie Bolimów
0%
Dolnośląskie Bolków
0%
Wielkopolskie Borek Wielkopolski
0%
Zachodniopomorskie Borne Sulinowo
0%
Opolskie Branice
0%
Warmińsko-Mazurskie Braniewo
0%
Lubuskie Brody
0%
Mazowieckie Brok
0%
Pomorskie Brusy
0%
Kujawsko-Pomorskie Brześć Kujawski
0%
Małopolskie Brzeszcze
0%
Łódzkie Brzeziny
0%
Podkarpackie Brzostek
0%
Wielkopolskie Budzyń
0%
Świętokrzyskie Busko-Zdrój
0%
Opolskie Byczyna
0%
Dolnośląskie Bystrzyca Kłodzka
0%
Śląskie Bytom
0%
Lubuskie Bytom Odrzański
0%
Mazowieckie Cegłów
0%
Świętokrzyskie Chmielnik
0%
Dolnośląskie Chocianów
0%
Zachodniopomorskie Chociwel
0%
Wielkopolskie Chocz
0%
Kujawsko-Pomorskie Chodecz
0%
Wielkopolskie Chodzież
0%
Zachodniopomorskie Chojna
0%
Dolnośląskie Chojnów
0%
Mazowieckie Chorzele
0%
Śląskie Chorzów
0%
Zachodniopomorskie Choszczno
0%
Podlaskie Ciechanowiec
0%
Kujawsko-Pomorskie Ciechocinek
0%
Mazowieckie Ciepielów
0%
Podkarpackie Cieszanów
0%
Śląskie Cieszyn
0%
Małopolskie Ciężkowice
0%
Zachodniopomorskie Czaplinek
0%
Pomorskie Czarna Woda
0%
Pomorskie Czarne
0%
Wielkopolskie Czarnków
0%
Lubelskie Czemierniki
0%
Wielkopolskie Czerniejewo
0%
Lubuskie Czerwieńsk
0%
Mazowieckie Czerwińsk nad Wisłą
0%
Zachodniopomorskie Człopa
0%
Podlaskie Czyżew
0%
Małopolskie Dąbrowa Tarnowska
0%
Łódzkie Dąbrowice
0%
Świętokrzyskie Daleszyce
0%
Zachodniopomorskie Darłowo
0%
Lubelskie Dęblin
0%
Zachodniopomorskie Dębno
0%
Pomorskie Debrzno
0%
Lubuskie Dobiegniew
0%
Wielkopolskie Dobra
0%
Mazowieckie Dobre
0%
Warmińsko-Mazurskie Dobre Miasto
0%
Opolskie Dobrodzień
0%
Zachodniopomorskie Dobrzany
0%
Wielkopolskie Dobrzyca
0%
Kujawsko-Pomorskie Dobrzyń nad Wisłą
0%
Wielkopolskie Dolsk
0%
Zachodniopomorskie Drawno
0%
Mazowieckie Drobin
0%
Łódzkie Drzewica
0%
Podkarpackie Dubiecko
0%
Świętokrzyskie Działoszyce
0%
Warmińsko-Mazurskie Frombork
0%
Mazowieckie Gąbin
0%
Pomorskie Gdańsk
0%
Mazowieckie Gielniów
0%
Mazowieckie Glinojeck
0%
Opolskie Głogówek
0%
Podkarpackie Głogów Małopolski
0%
Mazowieckie Głowaczów
0%
Łódzkie Głowno
0%
Opolskie Głuchołazy
0%
Dolnośląskie Głuszyca
0%
Pomorskie Gniew
0%
Kujawsko-Pomorskie Gniewkowo
0%
Wielkopolskie Gołańcz
0%
Zachodniopomorskie Golczewo
0%
Zachodniopomorskie Goleniów
0%
Wielkopolskie Golina
0%
Podlaskie Goniądz
0%
Dolnośląskie Góra
0%
Lubelskie Goraj
0%
Warmińsko-Mazurskie Górowo Iławeckie
0%
Kujawsko-Pomorskie Górzno
0%
Opolskie Gorzów Śląski
0%
Lubuskie Gorzów Wielkopolski
0%
Lubuskie Gozdnica
0%
Łódzkie Grabów
0%
Wielkopolskie Grabów nad Prosną
0%
Wielkopolskie Grodzisk Wielkopolski
0%
Kujawsko-Pomorskie Grudziądz
0%
Małopolskie Grybów
0%
Dolnośląskie Gryfów Śląski
0%
Lubuskie Gubin
0%
Pomorskie Hel
0%
Warmińsko-Mazurskie Iława
0%
Mazowieckie Iłża
0%
Łódzkie Inowłódz
0%
Zachodniopomorskie Ińsko
0%
Świętokrzyskie Iwaniska
0%
Podkarpackie Iwonicz-Zdrój
0%
Kujawsko-Pomorskie Izbica Kujawska
0%
Kujawsko-Pomorskie Jabłonowo Pomorskie
0%
Mazowieckie Jadów
0%
Kujawsko-Pomorskie Janikowo
0%
Śląskie Janów
0%
Kujawsko-Pomorskie Janowiec Wielkopolski
0%
Lubelskie Janów Lubelski
0%
Lubelskie Janów Podlaski
0%
Wielkopolskie Jaraczewo
0%
Wielkopolskie Jarocin
0%
Lubuskie Jasień
0%
Mazowieckie Jastrząb
0%
Podkarpackie Jawornik Polski
0%
Śląskie Jaworzno
0%
Dolnośląskie Jaworzyna Śląska
0%
Dolnośląskie Jedlina-Zdrój
0%
Mazowieckie Jedlnia-Letnisko
0%
Świętokrzyskie Jędrzejów
0%
Podlaskie Jedwabne
0%
Dolnośląskie Jelcz-Laskowice
0%
Warmińsko-Mazurskie Jeziorany
0%
Łódzkie Jeżów
0%
Lubelskie Józefów
0%
Mazowieckie Józefów
0%
Lubelskie Józefów nad Wisłą
0%
Wielkopolskie Jutrosin
0%
Wielkopolskie Kaczory
0%
Zachodniopomorskie Kalisz Pomorski
0%
Mazowieckie Kałuszyn
0%
Małopolskie Kalwaria Zebrzydowska
0%
Kujawsko-Pomorskie Kamień Krajeński
0%
Dolnośląskie Kamienna Góra
0%
Zachodniopomorskie Kamień Pomorski
0%
Łódzkie Kamieńsk
0%
Lubelskie Kamionka
0%
Podkarpackie Kańczuga
0%
Lubuskie Kargowa
0%
Zachodniopomorskie Karlino
0%
Dolnośląskie Karpacz
0%
Mazowieckie Kazanów
0%
Kujawsko-Pomorskie Kcynia
0%
Opolskie Kędzierzyn-Koźle
0%
Pomorskie Kępice
0%
Wielkopolskie Kępno
0%
Warmińsko-Mazurskie Kętrzyn
0%
Małopolskie Kęty
0%
Łódzkie Kiernozia
0%
Kujawsko-Pomorskie Kikół
0%
Warmińsko-Mazurskie Kisielice
0%
Wielkopolskie Kłecko
0%
Wielkopolskie Kleczew
0%
Podlaskie Kleszczele
0%
Dolnośląskie Kłodzko
0%
Podlaskie Knyszyn
0%
Wielkopolskie Kobylin
0%
Pomorskie Kobylnica
0%
Podkarpackie Kołaczyce
0%
Podkarpackie Kolbuszowa
0%
Podlaskie Kolno
0%
Mazowieckie Konstancin-Jeziorna
0%
Łódzkie Konstantynów Łódzki
0%
Świętokrzyskie Koprzywnica
0%
Opolskie Korfantów
0%
Wielkopolskie Kórnik
0%
Kujawsko-Pomorskie Koronowo
0%
Warmińsko-Mazurskie Korsze
0%
Mazowieckie Kosów Lacki
0%
Wielkopolskie Kostrzyn
0%
Małopolskie Koszyce
0%
Kujawsko-Pomorskie Kowal
0%
Kujawsko-Pomorskie Kowalewo Pomorskie
0%
Dolnośląskie Kowary
0%
Mazowieckie Kozienice
0%
Wielkopolskie Koźminek
0%
Wielkopolskie Koźmin Wielkopolski
0%
Lubuskie Kożuchów
0%
Wielkopolskie Krajenka
0%
Lubelskie Krasnobród
0%
Lubelskie Krasnystaw
0%
Wielkopolskie Krobia
0%
Łódzkie Krośniewice
0%
Podkarpackie Krosno
0%
Lubuskie Krosno Odrzańskie
0%
Małopolskie Krynica-Zdrój
0%
Śląskie Krzanowice
0%
Wielkopolskie Krzywiń
0%
Wielkopolskie Krzyż Wielkopolski
0%
Małopolskie Książ Wielki
0%
Wielkopolskie Książ Wielkopolski
0%
Świętokrzyskie Kunów
0%
Łódzkie Kutno
0%
Pomorskie Kwidzyn
0%
Kujawsko-Pomorskie Łabiszyn
0%
Dolnośląskie Lądek-Zdrój
0%
Świętokrzyskie Łagów
0%
Podkarpackie Łańcut
0%
Kujawsko-Pomorskie Łasin
0%
Lubelskie Łaszczów
0%
Mazowieckie Latowicz
0%
Pomorskie Lębork
0%
Podkarpackie Lesko
0%
Dolnośląskie Leśna
0%
Wielkopolskie Leszno
0%
Małopolskie Libiąż
0%
Warmińsko-Mazurskie Lidzbark Warmiński
0%
Małopolskie Limanowa
0%
Zachodniopomorskie Lipiany
0%
Kujawsko-Pomorskie Lipno
0%
Podlaskie Lipsk
0%
Mazowieckie Lipsko
0%
Zachodniopomorskie Łobez
0%
Wielkopolskie Łobżenica
0%
Mazowieckie Łochów
0%
Świętokrzyskie Łopuszno
0%
Łódzkie Łowicz
0%
Podkarpackie Lubaczów
0%
Dolnośląskie Lubawka
0%
Kujawsko-Pomorskie Lubień Kujawski
0%
Dolnośląskie Lubin
0%
Śląskie Lubliniec
0%
Lubuskie Lubniewice
0%
Mazowieckie Lubowidz
0%
Kujawsko-Pomorskie Lubraniec
0%
Lubuskie Lubsko
0%
Lubelskie Lubycza Królewska
0%
Łódzkie Lutomiersk
0%
Łódzkie Lututów
0%
Wielkopolskie Lwówek
0%
Mazowieckie Maciejowice
0%
Małopolskie Maków Podhalański
0%
Mazowieckie Małkinia Górna
0%
Świętokrzyskie Małogoszcz
0%
Lubuskie Małomice
0%
Wielkopolskie Margonin
0%
Mazowieckie Marki
0%
Zachodniopomorskie Maszewo
0%
Wielkopolskie Miasteczko Krajeńskie
0%
Podlaskie Michałowo
0%
Małopolskie Miechów
0%
Dolnośląskie Międzybórz
0%
Lubelskie Międzyrzec Podlaski
0%
Lubuskie Międzyrzecz
0%
Wielkopolskie Miejska Górka
0%
Dolnośląskie Miękinia
0%
Zachodniopomorskie Mielno
0%
Dolnośląskie Mieroszów
0%
Wielkopolskie Mieścisko
0%
Zachodniopomorskie Mieszkowice
0%
Warmińsko-Mazurskie Mikołajki
0%
Śląskie Mikołów
0%
Wielkopolskie Mikstat
0%
Warmińsko-Mazurskie Miłakowo
0%
Warmińsko-Mazurskie Miłomłyn
0%
Wielkopolskie Miłosław
0%
Zachodniopomorskie Mirosławiec
0%
Dolnośląskie Mirsk
0%
Warmińsko-Mazurskie Młynary
0%
Lubelskie Modliborzyce
0%
Mazowieckie Mogielnica
0%
Warmińsko-Mazurskie Morąg
0%
Świętokrzyskie Morawica
0%
Zachodniopomorskie Moryń
0%
Kujawsko-Pomorskie Mrocza
0%
Mazowieckie Mszczonów
0%
Śląskie Mysłowice
0%
Śląskie Myszków
0%
Mazowieckie Myszyniec
0%
Kujawsko-Pomorskie Nakło nad Notecią
0%
Lubelskie Nałęczów
0%
Mazowieckie Nasielsk
0%
Wielkopolskie Nekla
0%
Dolnośląskie Niemcza
0%
Opolskie Niemodlin
0%
Małopolskie Niepołomice
0%
Podkarpackie Nowa Sarzyna
0%
Świętokrzyskie Nowa Słupia
0%
Kujawsko-Pomorskie Nowe
0%
Lubuskie Nowe Miasteczko
0%
Mazowieckie Nowe Miasto
0%
Warmińsko-Mazurskie Nowe Miasto Lubawskie
0%
Mazowieckie Nowe Miasto nad Pilicą
0%
Zachodniopomorskie Nowe Warpno
0%
Lubuskie Nowogród Bobrzański
0%
Pomorskie Nowy Dwór Gdański
0%
Mazowieckie Nowy Dwór Mazowiecki
0%
Małopolskie Nowy Targ
0%
Małopolskie Nowy Wiśnicz
0%
Wielkopolskie Obrzycko
0%
Wielkopolskie Odolanów
0%
Mazowieckie Odrzywół
0%
Wielkopolskie Okonek
0%
Świętokrzyskie Oleśnica
0%
Opolskie Olesno
0%
Podkarpackie Oleszyce
0%
Dolnośląskie Olszyna
0%
Wielkopolskie Opalenica
0%
Świętokrzyskie Opatowiec
0%
Warmińsko-Mazurskie Orneta
0%
Warmińsko-Mazurskie Orzysz
0%
Mazowieckie Osieck
0%
Wielkopolskie Osieczna
0%
Świętokrzyskie Osiek
0%
Łódzkie Osjaków
0%
Lubuskie Ośno Lubuskie
0%
Warmińsko-Mazurskie Ostróda
0%
Wielkopolskie Ostroróg
0%
Mazowieckie Ostrów Mazowiecka
0%
Mazowieckie Otwock
0%
Lubuskie Otyń
0%
Mazowieckie Ożarów Mazowiecki
0%
Świętokrzyskie Pacanów
0%
Łódzkie Parzęczew
0%
Warmińsko-Mazurskie Pasłęk
0%
Warmińsko-Mazurskie Pasym
0%
Zachodniopomorskie Pełczyce
0%
Pomorskie Pelplin
0%
Mazowieckie Piaseczno
0%
Mazowieckie Piastów
0%
Dolnośląskie Piechowice
0%
Warmińsko-Mazurskie Pieniężno
0%
Dolnośląskie Pieńsk
0%
Świętokrzyskie Pierzchnica
0%
Dolnośląskie Pieszyce
0%
Mazowieckie Pilawa
0%
Dolnośląskie Piława Górna
0%
Podkarpackie Pilzno
0%
Mazowieckie Pionki
0%
Kujawsko-Pomorskie Piotrków Kujawski
0%
Lubelskie Piszczac
0%
Małopolskie Piwniczna-Zdrój
0%
Mazowieckie Płońsk
0%
Zachodniopomorskie Płoty
0%
Wielkopolskie Pniewy
0%
Wielkopolskie Pobiedziska
0%
Łódzkie Poddębice
0%
Wielkopolskie Pogorzela
0%
Dolnośląskie Polanica-Zdrój
0%
Zachodniopomorskie Polanów
0%
Wielkopolskie Poniec
0%
Śląskie Poręba
0%
Pomorskie Prabuty
0%
Dolnośląskie Prochowice
0%
Opolskie Prószków
0%
Podkarpackie Pruchnik
0%
Dolnośląskie Prusice
0%
Kujawsko-Pomorskie Pruszcz
0%
Mazowieckie Przasnysz
0%
Wielkopolskie Przedecz
0%
Dolnośląskie Przemków
0%
Podkarpackie Przeworsk
0%
Śląskie Przyrów
0%
Mazowieckie Przysucha
0%
Mazowieckie Przytyk
0%
Pomorskie Puck
0%
Wielkopolskie Puszczykowo
0%
Zachodniopomorskie Pyrzyce
0%
Wielkopolskie Pyzdry
0%
Mazowieckie Raciąż
0%
Dolnośląskie Radków
0%
Śląskie Radlin
0%
Podkarpackie Radomyśl Wielki
0%
Kujawsko-Pomorskie Radziejów
0%
Mazowieckie Radzymin
0%
Kujawsko-Pomorskie Radzyń Chełmiński
0%
Lubelskie Radzyń Podlaski
0%
Podlaskie Rajgród
0%
Wielkopolskie Rakoniewice
0%
Wielkopolskie Raszków
0%
Zachodniopomorskie Recz
0%
Warmińsko-Mazurskie Reszel
0%
Mazowieckie Różan
0%
Łódzkie Rozprza
0%
Warmińsko-Mazurskie Ruciane-Nida
0%
Śląskie Ruda Śląska
0%
Pomorskie Rumia
0%
Wielkopolskie Rychtal
0%
Wielkopolskie Rydzyna
0%
Warmińsko-Mazurskie Ryn
0%
Lubuskie Rzepin
0%
Łódzkie Rzgów
0%
Mazowieckie Sanniki
0%
Podkarpackie Sanok
0%
Dolnośląskie Ścinawa
0%
Świętokrzyskie Sędziszów
0%
Podkarpackie Sędziszów Małopolski
0%
Kujawsko-Pomorskie Sępólno Krajeńskie
0%
Warmińsko-Mazurskie Sępopol
0%
Zachodniopomorskie Sianów
0%
Dolnośląskie Siechnice
0%
Lubelskie Siedliszcze
0%
Śląskie Siemianowice Śląskie
0%
Podkarpackie Sieniawa
0%
Mazowieckie Siennica
0%
Mazowieckie Sienno
0%
Wielkopolskie Sieraków
0%
Mazowieckie Skaryszew
0%
Kujawsko-Pomorskie Skępe
0%
Śląskie Skoczów
0%
Wielkopolskie Skoki
0%
Pomorskie Skórcz
0%
Lubuskie Skwierzyna
0%
Śląskie Sławków
0%
Wielkopolskie Ślesin
0%
Małopolskie Słomniki
0%
Lubuskie Słubice
0%
Wielkopolskie Śmigiel
0%
Świętokrzyskie Sobków
0%
Dolnośląskie Sobótka
0%
Mazowieckie Sochaczew
0%
Mazowieckie Sochocin
0%
Podkarpackie Sokołów Małopolski
0%
Mazowieckie Sokołów Podlaski
0%
Wielkopolskie Sompolno
0%
Dolnośląskie Środa Śląska
0%
Podkarpackie Stalowa Wola
0%
Mazowieckie Stanisławów
0%
Świętokrzyskie Stąporków
0%
Mazowieckie Staroźreby
0%
Podlaskie Stawiski
0%
Wielkopolskie Stawiszyn
0%
Zachodniopomorskie Stepnica
0%
Wielkopolskie Stęszew
0%
Lubelskie Stoczek Łukowski
0%
Świętokrzyskie Stopnica
0%
Dolnośląskie Stronie Śląskie
0%
Śląskie Strumień
0%
Łódzkie Stryków
0%
Dolnośląskie Strzegom
0%
Opolskie Strzeleczki
0%
Dolnośląskie Strzelin
0%
Małopolskie Sucha Beskidzka
0%
Zachodniopomorskie Suchań
0%
Świętokrzyskie Suchedniów
0%
Podlaskie Suchowola
0%
Lubuskie Sulęcin
0%
Wielkopolskie Sulmierzyce
0%
Podlaskie Suraż
0%
Małopolskie Świątniki Górne
0%
Zachodniopomorskie Świdwin
0%
Dolnośląskie Świebodzice
0%
Kujawsko-Pomorskie Świecie
0%
Dolnośląskie Syców
0%
Łódzkie Szadek
0%
Wielkopolskie Szamocin
0%
Małopolskie Szczawnica
0%
Lubelskie Szczebrzeszyn
0%
Zachodniopomorskie Szczecinek
0%
Śląskie Szczekociny
0%
Podlaskie Szczuczyn
0%
Podlaskie Szepietowo
0%
Dolnośląskie Szklarska Poręba
0%
Lubuskie Szlichtyngowa
0%
Kujawsko-Pomorskie Szubin
0%
Świętokrzyskie Szydłów
0%
Mazowieckie Szydłowiec
0%
Mazowieckie Tarczyn
0%
Lubelskie Tarnogród
0%
Małopolskie Tarnów
0%
Mazowieckie Tłuszcz
0%
Warmińsko-Mazurskie Tolkmicko
0%
Lubuskie Torzym
0%
Śląskie Toszek
0%
Wielkopolskie Trzcianka
0%
Zachodniopomorskie Trzcińsko-Zdrój
0%
Małopolskie Trzebinia
0%
Wielkopolskie Trzemeszno
0%
Zachodniopomorskie Tuczno
0%
Wielkopolskie Tuliszków
0%
Lubelskie Turobin
0%
Łódzkie Tuszyn
0%
Dolnośląskie Twardogóra
0%
Zachodniopomorskie Tychowo
0%
Podkarpackie Tyczyn
0%
Podlaskie Tykocin
0%
Lubelskie Tyszowce
0%
Łódzkie Ujazd
0%
Opolskie Ujazd
0%
Wielkopolskie Ujście
0%
Podkarpackie Ulanów
0%
Lubelskie Urzędów
0%
Kujawsko-Pomorskie Wąbrzeźno
0%
Świętokrzyskie Wąchock
0%
Wielkopolskie Wągrowiec
0%
Łódzkie Warta
0%
Dolnośląskie Wąsosz
0%
Lubelskie Wąwolnica
0%
Dolnośląskie Węgliniec
0%
Warmińsko-Mazurskie Węgorzewo
0%
Zachodniopomorskie Węgorzyno
0%
Mazowieckie Węgrów
0%
Pomorskie Wejherowo
0%
Dolnośląskie Wiązów
0%
Kujawsko-Pomorskie Więcbork
0%
Warmińsko-Mazurskie Wielbark
0%
Wielkopolskie Wieleń
0%
Wielkopolskie Wielichowo
0%
Śląskie Wilamowice
0%
Mazowieckie Wiskitki
0%
Śląskie Wisła
0%
Świętokrzyskie Wiślica
0%
Lubuskie Witnica
0%
Dolnośląskie Wleń
0%
Śląskie Włodowice
0%
Świętokrzyskie Wodzisław
0%
Śląskie Wodzisław Śląski
0%
Dolnośląskie Wojcieszów
0%
Śląskie Wojkowice
0%
Małopolskie Wojnicz
0%
Łódzkie Wolbórz
0%
Małopolskie Wolbrom
0%
Opolskie Wołczyn
0%
Zachodniopomorskie Wolin
0%
Śląskie Woźniki
0%
Wielkopolskie Wronki
0%
Lubuskie Wschowa
0%
Mazowieckie Wyśmierzyce
0%
Wielkopolskie Wysoka
0%
Mazowieckie Wyszków
0%
Mazowieckie Wyszogród
0%
Podlaskie Zabłudów
0%
Śląskie Zabrze
0%
Podkarpackie Zagórz
0%
Małopolskie Zakliczyn
0%
Podkarpackie Zaklików
0%
Mazowieckie Zakroczym
0%
Wielkopolskie Zaniemyśl
0%
Śląskie Żarki
0%
Łódzkie Żarnów
0%
Dolnośląskie Żarów
0%
Dolnośląskie Zawidów
0%
Wielkopolskie Zbąszyń
0%
Lubuskie Zbąszynek
0%
Łódzkie Zduńska Wola
0%
Wielkopolskie Zduny
0%
Mazowieckie Żelechów
0%
Wielkopolskie Żerków
0%
Dolnośląskie Ziębice
0%
Lubuskie Zielona Góra
0%
Zachodniopomorskie Złocieniec
0%
Wielkopolskie Złotów
0%
Dolnośląskie Złoty Stok
0%
Dolnośląskie Żmigród
0%
Mazowieckie Żuromin
0%
Mazowieckie Zwoleń
0%
Łódzkie Żychlin
0%
Nie znaleziono quizów pasujących do podanych kryteriów
Rozkład punktacji
Procent ludzi z każdym wynikiem
Percentyl według liczby udzielonych odpowiedzi
Twoja historia wyników
Nie rozwiązałeś tego quizu od ostatniego zresetowania